Statistics for Video Game RPGs by System-PS2

Click here to take the quiz!

General Stats

  • This quiz has been taken 109 times
  • The average score is 8 of 20

Answer Stats

HintAnswer% Correct
The Heartless, Traverse Town, Disney and Final FantasyKingdom Hearts
98%
Sin, Spira, BlitzballFinal Fantasy X
88%
Organization XIII, Nobodies, DiZKingdom Hearts II
75%
Dalmasca, License Board, IvaliceFinal Fantasy XII
73%
Garment Grid, Youth League, Leblanc SyndicateFinal Fantasy X-2
53%
Force Metal, Giga City, Robots with free willMega Man X:Command MIssion
43%
Dhoulmagus, Ancient scepter, RhapthorneDragon Quest VIII:Journey of the Cursed King
35%
Trinity Sight System, Flame Champion, 3 heroesSuikoden III
35%
Rune of Punishment, Kooluk Empire, Island of RazrilSuikoden IV
34%
Nietzsche, Vector Industries, Original ZoharXenosaga Episode 1:Der Wille zur Macht
34%
Pangalactic Federation, Tattoo crests and ruins, Hydra IVStar Ocean:Till the End of Time
33%
Based on D&D 3rd edition, Sword Coast, Drizzt!!!!!Baldur's Gate:Dark Alliance
29%
Queendom of Falena, Sun Rune, Sacred GamesSuikoden V
29%
Second Militia, Y-Data, the PatriarchXenosaga Episode II:Jenseits von Gut und Böse
25%
Scientia, Fifth Jerusalem, CAT FacilityXenosaga Episode III:Also sprach Zarathustra
24%
Sky Captain Schmidt, Belion Sea, The GuardiansGrandia III
16%
Positive Encounter and Tactics System, Odjn, The RegentsBreath of Fire:Dragon Quarter
11%
Onyx Tower, zombified citizens, Artemis EntreriBaldur's Gate:Dark Alliance II
9%
Clan of the Moon, Legions, Dark CastleShining Force Neo
9%
Noswald Empire, Geo-Fortress, FyrlandtShining Force EXA
5%

Score Distribution

Percentile by Number Answered

Percent of People with Each Score

Your Score History

You have not taken this quiz